| 000 | 01002cab a2200265 4500 | ||
|---|---|---|---|
| 001 | ABS49050 | ||
| 008 | 090401t1993 xxu||||| |||| 00| 0 eng d | ||
| 035 | _a(Sirsi) u69655 | ||
| 041 | _aeng | ||
| 245 | _aValuation special report | ||
| 260 | _c1993 | ||
| 350 | _a0 | ||
| 490 |
_aCSW - The Property Week _v44(3) 15 July 1993, 21-26(6) |
||
| 520 | _aThe practice of valuation, seen for so long as a bread and butter activity, has been affected over the past two years by redefinition of `value` and the increasing claims of negligence against valuers during the recession. This "Special Report" introduces the issues of an emerging debate. | ||
| 650 | _aASSET VALUATION | ||
| 650 | _aLEASE INCENTIVES | ||
| 650 | _aOPEN MARKET VALUE | ||
| 650 | _aOVER-RENTING | ||
| 650 | _aRICS APPRAISAL AND VALUATION MANUAL | ||
| 650 | _aVALUATION PRACTICE | ||
| 690 | _aMANAGEMENT-BUSINESS MANAGEMENT-PROFESSIONAL PRACTICE | ||
| 690 | _aRATING AND VALUATION | ||
| 942 | _n0 | ||
| 948 | _c04/03/1997 | ||
| 999 |
_c43762 _d43762 |
||